[Event "5th V Nabokov Mem"]
[Site "Kyiv UKR"]
[Date "2007.06.09"]
[Round "8"]
[White "Ogleznev,A"]
[Black "Kernazhitsky,L"]
[Result "0-1"]
[WhiteElo "2270"]
[BlackElo "2364"]

1.e4 c5 2.Nf3 Nc6 3.Nc3 e6 4.d4 cxd4 5.Nxd4 Nf6 6.Nxc6 bxc6 7.e5 Nd5 8.Ne4 Qc7
9.f4 Qb6 10.c4 Ne3 11.Qd3 Nxf1 12.Rxf1 c5 13.Rf2 Bb7 14.Be3 Qc6 15.Nc3 Be7
16.O-O-O a6 17.Rfd2 O-O-O 18.Qe2 d6 19.exd6 Rxd6 20.Rxd6 Bxd6 21.g3 Be7 22.b3 Qf3
23.Qxf3 Bxf3 24.Rd2 Bc6 25.Nd1 Kb7 26.Nf2 Rc8 27.Nd3 Be8 28.Re2 f6 29.Bf2 Bd7
30.Rd2 Be8 31.Re2 Bf7 32.Kd2 Kc6 33.Ke3 a5 34.a3 Rb8 35.Rb2 Ra8 36.b4 axb4
37.axb4 Ra3 38.Kd2 cxb4 39.Nxb4+ Kc7 40.Nc2 Ra4 41.Bb6+ Kc6 42.Nd4+ Kd7 43.Rc2 Bg6
44.Rc1 Ba3 45.Rf1 Bb4+ 46.Ke3 Ra3+ 47.Kf2 Ra2+ 48.Ke3 Bd2+ 49.Kf3 Bd3 50.Rd1 Bxc4
51.Ne2 Kc6 52.Bf2 Bxe2+ 53.Kxe2 Bxf4+ 54.Kf3 Bd6 55.Rc1+ Kd7 56.Rb1 Rc2 57.Rd1 Ke7
58.h3 Rc3+ 59.Kg2 e5 60.Ra1 Ke6 61.Ra7 Rc7 62.Ra5 f5 63.g4 g6 64.Rb5 h5 65.gxh5 gxh5  0-1

[Event "German Int ch-Youth"]
[Site "Neuhausen GER"]
[Date "2007.06.09"]
[Round "7"]
[White "Huschenbeth,N"]
[Black "Beck,F"]
[Result "0-1"]
[WhiteElo "2279"]
[BlackElo "2334"]

1.e4 c5 2.Nf3 e6 3.d4 cxd4 4.Nxd4 Nc6 5.Nc3 Qc7 6.Be3 a6 7.Bd3 Nf6 8.O-O Nxd4
9.Bxd4 Bc5 10.Bxc5 Qxc5 11.Kh1 b5 12.Qe1 Bb7 13.f3 d5 14.e5 Nd7 15.f4 g6
16.Ne2 O-O 17.Qh4 f6 18.Rf3 f5 19.c3 b4 20.Nd4 Rae8 21.Rh3 Rf7 22.Nb3 Qb6
23.Bf1 bxc3 24.Rxc3 a5 25.a4 d4 26.Rh3 Bd5 27.Bb5 Rc8 28.Qf2 d3 29.Qxb6 Nxb6
30.Rxd3 Rc2 31.Rg3 Rxb2 32.Nxa5 Rc7 33.Kg1 Rcc2 34.Bf1 Rc5 35.Bb5 Nxa4 36.Bxa4 Rxa5
37.Raa3 Rb1+ 38.Kf2 Rb4 39.Bd1 Rxf4+ 40.Kg1 Bc4  0-1

[Event "TCh-BIH"]
[Site "Vogosca BIH"]
[Date "2007.06.09"]
[Round "8"]
[White "Movsesian,S"]
[Black "Ljubicic,F"]
[Result "1-0"]
[WhiteElo "2642"]
[BlackElo "2396"]

1.e4 c5 2.Nc3 Nc6 3.Nf3 e6 4.d4 cxd4 5.Nxd4 Nf6 6.Nxc6 bxc6 7.e5 Nd5 8.Ne4 Qc7
9.f4 Ba6 10.c4 Nb6 11.b3 c5 12.Bd3 d5 13.exd6 Bxd6 14.O-O Bb7 15.Nxd6+ Qxd6
16.Bc2 Qc6 17.Rf2 O-O 18.Bb2 f5 19.Qe2 Nd7 20.Re1 Rae8 21.h3 Nf6 22.Qe5 Rf7
23.Re3 Ne4 24.Bxe4 fxe4 25.Rd2 Qc7 26.Qxc7 Rxc7 27.Be5 Rf7 28.Re1 h6 29.Kf2 g5
30.Ke3 Ref8 31.fxg5 hxg5 32.Red1 Kh7 33.Rd8 Rxd8 34.Rxd8 Kg6 35.Rg8+ Kh6
36.Re8 Rd7 37.Rxe6+ Kh7 38.Bd6 Kg7 39.Re7+ Rxe7 40.Bxe7 Kg6 41.Bxc5 a6 42.Be7 Kh5
43.g3 Bc6 44.Kd4 Bb7 45.a4 Bc6 46.b4 Bxa4 47.Kxe4 Bc6+ 48.Ke5 Bd7 49.h4 gxh4
50.gxh4  1-0

[Event "TCh-BIH"]
[Site "Vogosca BIH"]
[Date "2007.06.09"]
[Round "8"]
[White "Kovacevic,A"]
[Black "Cabrilo,G"]
[Result "1/2-1/2"]
[WhiteElo "2555"]
[BlackElo "2494"]

1.e4 c5 2.Nf3 Nc6 3.d4 cxd4 4.Nxd4 e6 5.Nc3 a6 6.Be2 d6 7.O-O Nf6 8.Be3 Bd7
9.a4 Be7 10.f4 O-O 11.Nb3 b6 12.Bf3 Qc7 13.g4 Bc8 14.g5 Nd7 15.Bg2 Re8 16.Rf3 Rb8
17.Rh3 Nf8 18.Qf1 Nb4 19.Qf2 f6 20.Rf1 e5 21.Rg3 exf4 22.Bxf4 Ng6 23.Qd4 fxg5
24.Bxg5 Bxg5 25.Rxg5 Nc6 26.Qc4+ Be6 27.Nd5 Qc8 28.Bh3 b5 29.axb5 axb5 30.Bxe6+ Rxe6
31.Qe2 Qd7 32.Kh1 Rbe8 33.Nd2 Nce5 34.Qg2 Nc4 35.Nxc4 bxc4 36.Nc3 Re5 37.Rxe5 dxe5
38.Nd5 Kh8 39.Qe2 Qb7 40.c3 Qc6 41.Rf2 Qe6 42.Rf5 Qc6 43.Rf2 Qe6 44.Rf5 Qc6
45.Rf2  1/2-1/2

[Event "FSGM June"]
[Site "Budapest HUN"]
[Date "2007.06.10"]
[Round "9"]
[White "Varadi,V"]
[Black "Bui Vinh"]
[Result "1/2-1/2"]
[WhiteElo "2408"]
[BlackElo "2483"]

1.e4 c5 2.Nf3 e6 3.d4 cxd4 4.Nxd4 Nc6 5.Nc3 Qc7 6.Be3 a6 7.Qd2 Nf6 8.O-O-O Bb4
9.f3 b5 10.Nb3 d5 11.a3 Bxc3 12.Qxc3 dxe4 13.Bg5 e5 14.Bxf6 gxf6 15.Nc5 f5
16.fxe4 O-O 17.Bd3 f4 18.g3 f3 19.h3 Nd4 20.Nb3 Qxc3 21.bxc3 Nxb3+ 22.cxb3 Be6
23.Kb2 f5 24.Rhf1 fxe4 25.Bxe4 Rad8 26.Rxd8 Rxd8 27.Rxf3 Rd2+ 28.Kc1 Rd6
29.Kc2 Bxh3 30.Rd3 Rxd3 31.Kxd3 Bc8 32.c4 bxc4+ 33.Kxc4 Kg7 34.b4 h6 35.a4 Bd7
36.b5 axb5+ 37.axb5 Bxb5+ 38.Kxb5 Kf6 39.Bg2 Kf5  1/2-1/2

[Event "National Open"]
[Site "Las Vegas USA"]
[Date "2007.06.10"]
[Round "5"]
[White "Rubsamen,C"]
[Black "Sharavdorj,D"]
[Result "1-0"]
[WhiteElo "2138"]
[BlackElo "2454"]

1.e4 c5 2.Nf3 e6 3.d4 cxd4 4.Nxd4 Nc6 5.Nc3 a6 6.Nxc6 bxc6 7.Bd3 d5 8.O-O Nf6
9.Qe2 Be7 10.e5 Nd7 11.Bd2 a5 12.Na4 Nb6 13.Nxb6 Qxb6 14.Qg4 g6 15.b3 Ba6
16.Bxa6 Rxa6 17.Bg5 Qb4 18.Qe2 Ra8 19.c3 Qc5 20.Bh6 Bf8 21.Bxf8 Kxf8 22.Qe3 Qxe3
23.fxe3 Ke7 24.Rf4 g5 25.Rf6 h5 26.Raf1 Rh7 27.Kf2 h4 28.Ke2 Rg8 29.Kd3 g4
30.Kd4 Rg5 31.b4 Rg8 32.a4 Ra8 33.b5 cxb5 34.axb5 Rc8 35.R6f4 g3 36.h3 Rc4+
37.Kd3 Rc5 38.Rb1 Rh8 39.Ra4 Ra8 40.Rxh4 Rb8 41.b6 Rc6 42.Rb5 Rbxb6 43.Rxa5 Rc7
44.Rb4 Rbc6 45.Ra3 Rc4 46.Rab3 Kf8 47.Kd2 Kg7 48.Rxc4 dxc4 49.Rb4 Kg6 50.e4 Kg5
51.Ke3 Ra7 52.Kf3 Kh4 53.Rb8 Ra3 54.Kf4 Kh5 55.Rh8+ Kg6 56.Rg8+ Kh7 57.Rxg3 Rb3
58.Rf3 Rb2 59.Ke3 Kg7 60.Rg3+ Kh7 61.Kd4 Rb5 62.Rg5 f6 63.Kxc4 Ra5 64.Kb4  1-0

[Event "Baden Challenge III"]
[Site "Neuhausen GER"]
[Date "2007.06.10"]
[Round "9"]
[White "Brener,I"]
[Black "Iotov,V"]
[Result "0-1"]
[WhiteElo "2413"]
[BlackElo "2491"]

1.e4 c5 2.Nf3 e6 3.d4 cxd4 4.Nxd4 Nc6 5.Nc3 Qc7 6.Be2 a6 7.Be3 Nf6 8.a3 Be7
9.f4 d6 10.O-O O-O 11.Qe1 Nxd4 12.Bxd4 b5 13.Qg3 Bb7 14.Bd3 Rad8 15.Kh1 Rd7
16.Rae1 Re8 17.Qh3 e5 18.fxe5 dxe5 19.Be3 Qd6 20.Rf5 g6 21.Rf3 Nh5 22.Ref1 Bf8
23.Qh4 Bg7 24.Rh3 h6 25.Qg4 Nf4 26.Bxf4 exf4 27.Bxb5 axb5 28.Rd3 Bd4 29.Nxb5 Qc6
30.Nxd4 Qxe4 31.Nf3 Rxd3 32.cxd3 Qxd3 33.Rg1 Re3 34.Qxf4 Bxf3 35.gxf3 Rxf3
36.Qe5 Re3 37.Qb8+ Kg7 38.Qb7 Re4  0-1

[Event "WCh Candidates Finals"]
[Site "Elista RUS"]
[Date "2007.06.13"]
[Round "8"]
[White "Grischuk,A"]
[Black "Rublevsky,S"]
[Result "1/2-1/2"]
[WhiteElo "2717"]
[BlackElo "2680"]

1.e4 c5 2.Nf3 e6 3.d4 cxd4 4.Nxd4 Nc6 5.Nc3 a6 6.Be2 Qc7 7.O-O Nf6 8.Be3 Be7
9.f4 d6 10.a4 O-O 11.Kh1 Re8 12.Bf3 Bf8 13.Qd2 Rb8 14.Rad1 e5 15.Nde2 b5
16.axb5 axb5 17.f5 b4 18.Nd5 Nxd5 19.Qxd5 Ba6 20.Qd2 Nd4 21.Bxd4 exd4 22.Rfe1 Bxe2
23.Qxe2 Be7 24.Rxd4 Bf6 25.Rc4 Qa5 26.c3 bxc3 27.bxc3 d5 28.Rc6 Bxc3 29.Rd1 Bf6
30.Qc2 Qb4 31.e5 Bxe5 32.Bxd5 Qh4 33.g3 Bxg3 34.Bxf7+ Kxf7 35.Qa2+ Kf8 36.Qa3+ Re7
37.Qxg3 Qe4+ 38.Qg2 Rb1 39.Rcc1 Qe1+ 40.Qg1 Qe4+ 41.Qg2 Qxg2+ 42.Kxg2 Rb2+
43.Kg3 Rb3+ 44.Kf4 Rb4+ 45.Kg3 Re3+ 46.Kf2 Re5 47.Rc8+ Ke7 48.Rc7+ Kf6 49.Rd6+ Kxf5
50.Rf7+ Ke4 51.Rxg7 Rf5+ 52.Ke2 Rb2+ 53.Rd2 Rxd2+ 54.Kxd2 Rf2+ 55.Ke1 Rxh2
56.Kf1 Ke5  1/2-1/2

[Event "Xose Enrique Rodriguez Pena Mem"]
[Site "Ourense ESP"]
[Date "2007.06.13"]
[Round "7"]
[White "Felgaer,R"]
[Black "Oral,T"]
[Result "1/2-1/2"]
[WhiteElo "2574"]
[BlackElo "2543"]

1.e4 c5 2.Nf3 e6 3.d4 cxd4 4.Nxd4 Nc6 5.Nc3 Qc7 6.Be2 a6 7.O-O Nf6 8.Be3 Bb4
9.Na4 Bd6 10.Nxc6 bxc6 11.g3 Nxe4 12.Qd4 Nf6 13.Nb6 c5 14.Nxa8 Qc6 15.Qd1 Bb7
16.Bf3 Qxf3 17.Qxf3 Bxf3 18.Nb6 O-O 19.Rfd1 Bxd1 20.Rxd1 Be5 21.Bxc5 Rb8
22.Nxd7 Nxd7 23.Rxd7 Bxb2 24.Ra7 h6 25.Rxa6 Rc8 26.Ra5 e5 27.Rb5 Bd4 28.Bxd4 exd4
29.Rb2 Rc3 30.Kf1 d3 31.cxd3 Rxd3 32.Ke2 Ra3 33.Kd2 g5 34.Kc2 Kg7 35.Kb1 Kg6
36.Rb3 Ra6 37.Kb2 Kf5 38.Rf3+ Kg4 39.Rxf7 Kh3 40.Rf5 Rb6+ 41.Kc3 Ra6 42.Kb3 Rb6+
43.Kc3 Ra6 44.Kb3 Rb6+ 45.Ka4 Kg4 46.Rb5 Ra6+ 47.Kb3 Rf6 48.f4 Re6 49.fxg5 Re3+
50.Kb4 hxg5 51.a4 Re4+ 52.Ka3 Re2 53.Rb2 Re3+ 54.Kb4 Re4+ 55.Kb5 Kh3 56.Ra2 g4
57.Ra3 Re5+ 58.Kb6 Re6+ 59.Kc5 Re5+ 60.Kd4 Re2 61.a5 Ra2 62.Rxa2  1/2-1/2

[Event "11th Master Open"]
[Site "Voronezh RUS"]
[Date "2007.06.13"]
[Round "2"]
[White "Kostin,Alexe"]
[Black "Geller,J"]
[Result "0-1"]
[WhiteElo "2400"]
[BlackElo "2500"]

1.e4 c5 2.Nf3 e6 3.d4 cxd4 4.Nxd4 Nc6 5.Nc3 Qc7 6.g3 a6 7.Bg2 Nf6 8.O-O Nxd4
9.Qxd4 Bc5 10.Bf4 d6 11.Qd3 Nd7 12.Na4 e5 13.Bd2 Bd4 14.Bc3 Nc5 15.Nxc5 Bxc5
16.Kh1 Bd7 17.a4 O-O 18.f4 exf4 19.gxf4 Rae8 20.Qg3 f6 21.a5 Bc6 22.Rae1 b5
23.axb6 Qxb6 24.b4 Bxb4 25.Rb1 Rxe4 26.Qd3 Rfe8 27.Bxf6 gxf6 28.c3 Kh8 29.Rg1 Re2
30.Qg3 Rxg2 31.Rxg2 Bxg2+ 32.Qxg2 Bc5  0-1

[Event "XXV Open"]
[Site "Novi Becej SRB"]
[Date "2007.06.14"]
[Round "6"]
[White "Andrejic,V"]
[Black "Andrijevic,M"]
[Result "1/2-1/2"]
[WhiteElo "2197"]
[BlackElo "2334"]

1.e4 c5 2.Nf3 Nc6 3.d4 cxd4 4.Nxd4 e6 5.Nc3 Qc7 6.Be2 a6 7.O-O Nf6 8.Be3 Be7
9.f4 d6 10.Bf3 O-O 11.g4 Nxd4 12.Bxd4 e5 13.Be3 exf4 14.Bd4 Be6 15.Nd5 Bxd5
16.exd5 Nd7 17.Be4 Bf6 18.Rxf4 Be5 19.Rf3 Rae8 20.Qd3 g6 21.Kg2 Bxd4 22.Qxd4 Re5
23.Bd3 Qc5 24.Qxc5 Nxc5 25.Raf1 Rxd5 26.Bc4 Rd2+ 27.R1f2 Rxf2+ 28.Kxf2 Ne6
29.Ke3 Rc8 30.b3 Rc5 31.Kd2 Kg7 32.Rd3 Rc6 33.Bd5 Rb6 34.Bh1 Kf6 35.c4 a5
36.Rh3 Ng5 37.Re3 Ne6 38.Rh3 Ng5 39.Re3  1/2-1/2

[Event "11th Master Open"]
[Site "Voronezh RUS"]
[Date "2007.06.15"]
[Round "4"]
[White "Novikov,St"]
[Black "Bryzgalin,K"]
[Result "1/2-1/2"]
[WhiteElo "2556"]
[BlackElo "2475"]

1.e4 c5 2.Nf3 e6 3.d4 cxd4 4.Nxd4 Nc6 5.Nc3 a6 6.Be2 d6 7.Be3 Nf6 8.f4 Bd7
9.g4 Nxd4 10.Qxd4 Nxg4 11.Bxg4 Qh4+ 12.Kd2 Qxg4 13.Rad1 Bc6 14.Kc1 Be7 15.Rhg1 Qh4
16.f5 Bf6 17.Qxd6 Rd8 18.Qc5 Rxd1+ 19.Rxd1 Qxh2 20.Bd4 Be7 21.Qc4 O-O 22.fxe6 Qh6+
23.Kb1 fxe6 24.Rg1 Rf7 25.b4 Bf8 26.a4 Bxa4 27.Nxa4 b5 28.Qc6 bxa4 29.Bc5 Qf6
30.Rd1 Bxc5 31.Qxc5 Rf8 32.Ka2 Qf3 33.Rd4 h6 34.Qc6 Kh7 35.Qxa6 e5 36.Rc4 Qd1
37.Qe6 Rf2 38.Rc6 Rxc2+ 39.Rxc2 Qxc2+ 40.Ka3 Qxe4 41.b5 h5 42.Qe8  1/2-1/2

[Event "XXV Balaton Open A"]
[Site "Balatonlelle HUN"]
[Date "2007.06.17"]
[Round "2"]
[White "Leviczki,T"]
[Black "Horvath,Ad1"]
[Result "0-1"]
[WhiteElo "2292"]
[BlackElo "2486"]

1.e4 c5 2.Nf3 e6 3.d4 cxd4 4.Nxd4 Nc6 5.Nc3 Qc7 6.Be3 a6 7.Qd2 Nf6 8.O-O-O Bb4
9.f3 Ne5 10.Nb3 b5 11.Qe1 Be7 12.f4 Ng6 13.e5 Ng4 14.Ne4 O-O 15.Kb1 Bb7 16.Bd3 f6
17.exf6 Nxf6 18.Nxf6+ Rxf6 19.Bd4 Rf7 20.Bxg6 hxg6 21.Be5 d6 22.Bc3 Bd5 23.Nd4 Rc8
24.Ba5 Qb7 25.Nxe6 Bxg2 26.Rg1 Be4 27.Rd2 d5 28.Ng5 Bxg5 29.fxg5 b4 30.Re2 b3
31.axb3 Qxb3 32.Bc3 Qb5 33.Rg3 Rcf8 34.Rg1 Rf3 35.Qd2 a5 36.Rge1 Rc8 37.Re3 Rf7
38.h4 a4 39.Ka1 a3 40.bxa3 Rb7 41.Rc1 Rc4 42.Bb4 Rbc7 43.Rc3 d4 44.Rxc4 Rxc4
45.c3 Qc6 46.Kb2 d3 47.Rf1 Bf5 48.h5 Re4 49.Ka1 Qd5 50.c4 Rxc4 51.Rc1 gxh5
52.Rxc4 Qxc4 53.Qe3 Kh7 54.Bd2 Be6  0-1

[Event "III EUICC"]
[Site "Arvier ITA"]
[Date "2007.06.18"]
[Round "4"]
[White "Brunello,M"]
[Black "Miatello,A"]
[Result "1-0"]
[WhiteElo "1924"]
[BlackElo "2062"]

1.e4 c5 2.Nf3 e6 3.d4 cxd4 4.Nxd4 Nc6 5.Nc3 a6 6.Be3 Qc7 7.Bd3 b5 8.O-O Bb7
9.f4 Nxd4 10.Bxd4 Bc5 11.Bxc5 Qxc5+ 12.Kh1 b4 13.Na4 Qa5 14.b3 Nf6 15.Qe2 d5
16.exd5 Bxd5 17.f5 O-O 18.fxe6 fxe6 19.Nb2 Nh5 20.Be4 Bxe4 21.Qxe4 Qd5 22.Qxd5 exd5
23.Nd3 a5 24.Rxf8+ Rxf8 25.a3 bxa3 26.h3 Ng3+ 27.Kh2 Nf1+ 28.Kg1 Ne3 29.Rxa3 Rf1+
30.Kh2 Nxc2 31.Rxa5 Ne3 32.b4 h5 33.Ra2 Rd1 34.Nf4 Nf1+ 35.Kg1 Ng3+ 36.Kf2 h4
37.Ng6 Rf1+ 38.Ke3 Nf5+ 39.Kd3 Rb1 40.Rf2 Rb3+ 41.Kc2 Nd4+ 42.Kd1 Rb1+ 43.Kd2 Rb2+
44.Ke3 Nc2+ 45.Kf4 Rxb4+ 46.Kg5 Rb8 47.Rxc2 d4 48.Nxh4 Rb5+ 49.Kg6 Rb6+ 50.Kf5 Rb5+
51.Ke4 Rb4 52.Nf3  1-0

[Event "ch-COL w"]
[Site "Cartagena de Indias COL"]
[Date "2007.06.18"]
[Round "9"]
[White "Herrera,Mil"]
[Black "Chirivi,Y"]
[Result "1-0"]
[WhiteElo "1949"]
[BlackElo "2049"]

1.e4 c5 2.Nf3 e6 3.d4 cxd4 4.Nxd4 Nc6 5.Nc3 a6 6.Be2 Qc7 7.O-O Nf6 8.Be3 Bb4
9.Na4 b5 10.Nxc6 dxc6 11.Bc5 Bxc5 12.Nxc5 O-O 13.Qd4 Rd8 14.Qe3 e5 15.Rfd1 Bb7
16.Qc3 h6 17.f3 Re8 18.Rd2 Qb6 19.Kf1 Bc8 20.Rd6 Re7 21.Rad1 Ne8 22.Rd8 Kh8
23.b4 Qc7 24.a4 Ra7 25.a5 Kh7 26.R1d2 Nf6 27.R8d3 Be6 28.Nxe6 Rxe6 29.Qc5 Ra8
30.Rd6 Rae8 31.c3 R8e7 32.Rxe6 Rxe6 33.Qb6 Qe7 34.Qxa6 Ne8 35.Qb6 Nc7 36.Qe3 Rf6
37.Qd3 Rg6 38.Qd8 Qxd8 39.Rxd8 Re6 40.Rd7 Na6 41.Ra7 Nb8 42.Rb7 Re8 43.Rxf7 Kg6
44.Rc7 Re6 45.Rb7 Re8 46.c4 bxc4 47.Bxc4  1-0

[Event "III EUICC"]
[Site "Arvier ITA"]
[Date "2007.06.19"]
[Round "5"]
[White "Pace,C"]
[Black "Gorse,G"]
[Result "1/2-1/2"]
[WhiteElo "2146"]
[BlackElo "2058"]

1.e4 c5 2.Nf3 e6 3.d4 cxd4 4.Nxd4 Nc6 5.Nc3 d6 6.Be3 Nf6 7.Bc4 Be7 8.Bb3 O-O
9.O-O Bd7 10.f4 Nxd4 11.Bxd4 Bc6 12.Qe2 b5 13.Nxb5 Nxe4 14.Nxa7 Bb7 15.Nb5 Qb8
16.c4 e5 17.Be3 exf4 18.Rxf4 Re8 19.Re1 Bf6 20.Bd4 d5 21.Rff1 Bxd4+ 22.Nxd4 Nd6
23.Qd3 dxc4 24.Rxe8+ Qxe8 25.Bxc4 Nxc4 26.Qxc4 Ba6 27.Qb3 Bxf1 28.Kxf1 g6
29.a3 Rb8 30.Qc3 Rc8 31.Qd2 Rd8 32.Qf4 Qa4 33.Ne2 Qd1+ 34.Kf2 Re8 35.Qc4 Re6
36.Qc8+ Kg7 37.Qc3+ Kg8 38.Qc8+ Kg7 39.Qc3+ Kg8  1/2-1/2

[Event "ch-COL"]
[Site "Cartagena de Indias COL"]
[Date "2007.06.19"]
[Round "11"]
[White "Echavarria,J"]
[Black "Barrientos,S"]
[Result "1-0"]
[WhiteElo "2358"]
[BlackElo "2428"]

1.e4 c5 2.Nf3 Nc6 3.d4 cxd4 4.Nxd4 e6 5.Nc3 Qc7 6.Be2 a6 7.O-O Nf6 8.Kh1 Nxd4
9.Qxd4 Bc5 10.Qd3 b5 11.f4 Bb7 12.Bf3 Bb4 13.Bd2 Rc8 14.Nxb5 Qxc2 15.Qxc2 Rxc2
16.Bxb4 axb5 17.Rfc1 Rxc1+ 18.Rxc1 Kd8 19.Rc5 Bxe4 20.Rxb5 Kc7 21.Be2 Nd5
22.Bd2 Kd6 23.b3 f6 24.Kg1 e5 25.fxe5+ fxe5 26.Bc4 Kc6 27.Ra5 d6 28.Ra6+ Kd7
29.Ra7+ Kc6 30.Ra6+ Kd7 31.Ra7+ Kc6 32.a4 Nf4 33.Rxg7 d5 34.Bb5+ Kd6 35.Bb4+ Ke6
36.Re7+ Kf6 37.Re8 Rxe8 38.Bxe8 Ne2+ 39.Kf1 Nd4 40.a5 Bd3+ 41.Kf2 Nxb3 42.Bc6 d4
43.Bb7 e4 44.a6 e3+ 45.Kf3 Bxa6 46.Bxa6  1-0

[Event "TCh-ESP Honor Gp1"]
[Site "Lugo ESP"]
[Date "2007.06.20"]
[Round "1"]
[White "Vehi Bach,V"]
[Black "Perez Candelario,Man"]
[Result "1/2-1/2"]
[WhiteElo "2377"]
[BlackElo "2511"]

1.e4 c5 2.Nf3 e6 3.d4 cxd4 4.Nxd4 Nc6 5.Nc3 Qc7 6.Be3 a6 7.Qd2 Nf6 8.O-O-O Bb4
9.f3 Ne5 10.Nb3 b5 11.Qe1 Be7 12.f4 Ng6 13.e5 Ng4 14.Ne4 O-O 15.Bc5 Bb7 16.Nd6 Bd5
17.Rxd5 exd5 18.Qd1 Nf6 19.g3 Ne4 20.Qxd5 Nxc5 21.Nxc5 Rac8 22.b4 a5 23.Bh3 axb4
24.Nxc8 Bxc5 25.Qxd7 Qa5 26.Qd5 Nxf4 27.Qxc5 Qxa2 28.gxf4 Qa1+ 29.Kd2 Rd8+
30.Nd6 Qxh1 31.Qf2 b3 32.cxb3 Ra8 33.Ke3 Qc1+ 34.Kd4  1/2-1/2

[Event "zt 2.4"]
[Site "Sao Paulo BRA"]
[Date "2007.06.20"]
[Round "7"]
[White "Zambrana,O"]
[Black "Sunye Neto,J"]
[Result "0-1"]
[WhiteElo "2495"]
[BlackElo "2486"]

1.e4 c5 2.Nf3 e6 3.d4 cxd4 4.Nxd4 Nc6 5.Nc3 a6 6.Be3 Nf6 7.Qd2 Ng4 8.Bg5 Qc7
9.Nb3 Bd6 10.f4 h6 11.e5 Bxe5 12.fxe5 Qxe5+ 13.Be2 hxg5 14.O-O-O Nf2  0-1

[Event "zt 2.4"]
[Site "Sao Paulo BRA"]
[Date "2007.06.21"]
[Round "8"]
[White "Fier,A"]
[Black "Zambrana,O"]
[Result "1-0"]
[WhiteElo "2499"]
[BlackElo "2495"]

1.e4 c5 2.Nf3 e6 3.d4 cxd4 4.Nxd4 Nc6 5.Nc3 Qc7 6.Be2 a6 7.O-O Nf6 8.Kh1 Bb4
9.Nxc6 bxc6 10.Qd4 Be7 11.e5 Nd5 12.f4 Nxc3 13.Qxc3 O-O 14.Be3 Rb8 15.a3 c5
16.b4 Bb7 17.bxc5 Bd5 18.Rf2 a5 19.Rd1 Rfc8 20.Ba6 Bb7 21.Bxb7 Rxb7 22.f5 exf5
23.Rxf5 g6 24.Rff1 Bxc5 25.Bxc5 Qxc5 26.Qf3 d5 27.Rxd5 Qxc2 28.Rxa5 Qc4 29.Rd5 Rf8
30.Rd3 Re7 31.Re3 Rfe8 32.e6 f5 33.Rc3 Qxe6 34.h3 Qe4 35.Qg3 Rd8 36.Rcf3 Rf7
37.Re1 Qd4 38.Qg5 Kg7 39.Ref1 Ra8 40.Qg3 Ra5 41.Rd3 Qe5 42.Qh4 Qe4 43.Qd8 Ra8
44.Qd6 Qe7 45.Qd4+ Qf6 46.Qd5 Rfa7 47.Qc5 Qe7 48.Rd6 Re8 49.Qd4+ Kg8 50.Rd5 Qg7
51.Qd3 Rae7 52.Rd8 Qe5 53.Rxe8+ Rxe8 54.a4 Kg7 55.Qb3 Re7 56.Qb4 Qe4 57.Qa3 Qe3
58.Qa1+ Qe5 59.a5 Qxa1 60.Rxa1 Ra7 61.a6 Kf6 62.h4 g5 63.hxg5+ Kxg5 64.Ra4 f4
65.Kh2 Kg4 66.g3 Kg5 67.gxf4+ Kg4 68.Kg2 h5 69.Kf2 h4 70.Kg2 h3+ 71.Kf2 Kh4
72.Kf3 Rg7 73.f5+ Kh5 74.Ra2 Ra7 75.Kf4 Kh6 76.Kg4  1-0

[Event "III EUICC"]
[Site "Arvier ITA"]
[Date "2007.06.22"]
[Round "8"]
[White "Calandri,F"]
[Black "Gorse,G"]
[Result "0-1"]
[WhiteElo "2144"]
[BlackElo "2058"]

1.e4 c5 2.Nf3 e6 3.d4 cxd4 4.Nxd4 Nc6 5.Nc3 d6 6.Be3 Nf6 7.Be2 Be7 8.O-O O-O
9.f4 e5 10.Nf5 Bxf5 11.exf5 exf4 12.Rxf4 Re8 13.Qd2 d5 14.Kh1 Bb4 15.a3 Bxc3
16.bxc3 Qe7 17.Rf3 Ng4 18.Bb5 Nxe3 19.Re1 Nc4  0-1

[Event "III Perla Baltyku A"]
[Site "Mielno POL"]
[Date "2007.06.22"]
[Round "6"]
[White "Bobras,P"]
[Black "Hnydiuk,A"]
[Result "1-0"]
[WhiteElo "2545"]
[BlackElo "2377"]

1.e4 c5 2.Nf3 e6 3.d4 cxd4 4.Nxd4 Nc6 5.Nc3 Qc7 6.Be3 a6 7.Qd2 Nf6 8.O-O-O Bb4
9.f3 O-O 10.g4 b5 11.Kb1 Ne5 12.g5 Bxc3 13.Qxc3 Qxc3 14.bxc3 Nh5 15.Nb3 f6
16.f4 Ng4 17.Bc5 Nxf4 18.Rg1 Ne5 19.Bxf8 Kxf8 20.gxf6 gxf6 21.Bd3 Kf7 22.Rdf1 Nfxd3
23.cxd3 Nxd3 24.Rf3 Ne5 25.Rh3 Ke7 26.Rxh7+ Kd6 27.Rd1+ Kc7 28.Kc1 Kb6 29.Rd6+ Nc6
30.h4 a5 31.h5 a4 32.Nd4 Kc5 33.Rxc6+ dxc6 34.Rh8 Kc4 35.Nxc6 Kxc3 36.h6 b4
37.Rg8 b3 38.Rg3+ Kc4 39.h7 Ba6 40.axb3+ axb3 41.Na5+ Kb4 42.Rg8 Ra7 43.Rb8+ Bb5
44.h8=Q Rc7+ 45.Kb2 Rc2+ 46.Kb1  1-0

[Event "III Perla Baltyku A"]
[Site "Mielno POL"]
[Date "2007.06.23"]
[Round "7"]
[White "Warakomska,A"]
[Black "Zakoscielna,K"]
[Result "1-0"]
[WhiteElo "2107"]
[BlackElo "2094"]

1.e4 c5 2.Nf3 e6 3.d4 cxd4 4.Nxd4 Nc6 5.Nc3 Qc7 6.Be3 a6 7.Be2 Nf6 8.O-O Be7
9.f4 d6 10.Kh1 O-O 11.Qe1 Na5 12.Rd1 Nc4 13.Bc1 b5 14.Bd3 Bb7 15.a3 Rac8
16.Nb1 d5 17.e5 Ne4 18.b3 Nb6 19.Bb2 Bc5 20.Nd2 b4 21.a4 Bxd4 22.Bxd4 Nd7
23.Nf3 a5 24.Qh4 Ndc5 25.Bxc5 Qxc5 26.Nd2 f5 27.Nf3 Nc3 28.Rd2 h6 29.h3 Rcd8
30.Kh2 Qb6 31.Qe7 Rfe8 32.Qh4 d4 33.g4 Be4 34.g5 Bxf3 35.Rxf3 Ne4 36.Bxe4 fxe4
37.Rg3 hxg5 38.Rxg5 Rd7 39.Rdg2 Qd8 40.Qh6 Qe7 41.Rh5 Qf8 42.Qh7+ Kf7 43.Rhg5 Ree7
44.Rxg7+ Ke8 45.Qg6+  1-0

[Event "Open"]
[Site "Pula CRO"]
[Date "2007.06.23"]
[Round "1"]
[White "Saric,Iv"]
[Black "Gutschi,E"]
[Result "1-0"]
[WhiteElo "2463"]
[BlackElo "2039"]

1.e4 c5 2.Nf3 Nc6 3.Nc3 e6 4.d4 cxd4 5.Nxd4 a6 6.Be2 Bb4 7.O-O Bxc3 8.bxc3 Nge7
9.Nxc6 bxc6 10.Qd6 O-O 11.Rb1 f5 12.Bg5 Rf7 13.e5 Qe8 14.Bh5 g6 15.Bf3 f4
16.Rb4 a5 17.Rxf4 Nf5 18.Qd2 h6 19.Bf6 d5 20.Bg4 Ng7 21.c4 Ba6 22.Rd1 Bxc4
23.Rxc4 dxc4 24.Qxh6 Rd7 25.Rxd7 Qxd7 26.Qxg6 Ra7 27.Bxg7 Qxg7 28.Bxe6+ Kf8
29.Qf5+ Ke8 30.Bxc4 Rd7 31.g3 Kd8 32.Kg2 Rd4 33.Bd3 Kc7 34.e6 Rd5 35.Qf7+  1-0

[Event "III EUICC"]
[Site "Arvier ITA"]
[Date "2007.06.24"]
[Round "10"]
[White "Daulyte,D"]
[Black "Gorse,G"]
[Result "1-0"]
[WhiteElo "2224"]
[BlackElo "2058"]

1.e4 c5 2.Nf3 e6 3.d4 cxd4 4.Nxd4 Nc6 5.Nc3 d6 6.Bc4 Nf6 7.Be3 Be7 8.Qe2 Bd7
9.Bb3 O-O 10.O-O-O Na5 11.g4 Nxb3+ 12.axb3 Ne8 13.f4 Qa5 14.Kb1 Nc7 15.f5 Rfe8
16.Qf2 e5 17.Nde2 Bc6 18.Qg2 b5 19.g5 b4 20.Nd5 Bxd5 21.exd5 Qb5 22.f6 Bf8
23.fxg7 Bxg7 24.Ng3 Qd7 25.Qe4 a5 26.Nh5 Qh3 27.Nf6+ Bxf6 28.gxf6 Kh8 29.Rhg1 Rg8
30.Rg3 Qh5 31.Rdg1 Rg6 32.Rxg6 hxg6 33.Qc4 Ne8 34.Qc6 Rb8 35.Ba7 Rd8 36.Bb6 Rb8
37.Bc7 Rc8 38.Qd7 Qf5 39.Qxf7 Rxc7 40.Qxe8+ Kh7 41.Qe6 Qxc2+ 42.Ka1 Qxb3
43.Qe8 Qxd5 44.Qxg6+ Kh8 45.Qh6+ Rh7 46.Qf8+  1-0

[Event "ch-NED w"]
[Site "Hilversum NED"]
[Date "2007.06.24"]
[Round "6"]
[White "Bensdorp,L"]
[Black "Muhren,B"]
[Result "0-1"]
[WhiteElo "2120"]
[BlackElo "2311"]

1.e4 c5 2.Nf3 e6 3.d4 cxd4 4.Nxd4 Nc6 5.Nc3 Qc7 6.Be2 a6 7.O-O Nf6 8.Kh1 Nxd4
9.Qxd4 Bc5 10.Qd3 b5 11.Bg5 Bb7 12.Bxf6 gxf6 13.Bh5 Rg8 14.Rad1 Bc6 15.Nd5 exd5
16.exd5 Bb7 17.Rfe1+ Kd8 18.Bxf7 Rf8 19.Qe4 Qd6 20.Bh5 f5 21.Qf3 Kc7 22.a3 Rac8
23.a4 Kb8 24.axb5 axb5 25.Qe2 Qb6 26.Rd2 Bd6 27.Qd3 Rc4 28.Re8+ Rxe8 29.Bxe8 Re4
30.Re2 Rd4 31.Qc3 Bb4 32.Qg3+ f4  0-1

[Event "TCh-ESP Honor Gp1"]
[Site "Lugo ESP"]
[Date "2007.06.24"]
[Round "5"]
[White "Felgaer,R"]
[Black "Nielsen,PH"]
[Result "1/2-1/2"]
[WhiteElo "2574"]
[BlackElo "2649"]

1.e4 c5 2.Nf3 e6 3.d4 cxd4 4.Nxd4 Nc6 5.Nc3 d6 6.g3 Nf6 7.Bg2 Bd7 8.O-O Be7
9.Nce2 O-O 10.c4 a6 11.b3 Nxd4 12.Nxd4 b5 13.cxb5 axb5 14.Bd2 e5 15.Nc2 Bc6
16.Qe2 d5 17.Nb4 Bxb4 18.Bxb4 Re8 19.exd5 Nxd5 20.Rfd1 e4 21.Rac1 Qf6 22.Rxc6 Qxc6
23.Bxe4 Qe6 24.Rxd5 Qxe4 25.Qxe4 Rxe4 26.Rxb5 Ree8 27.a3 Rab8 28.Rc5 Rbc8
29.a4 Rb8 30.Rc4 f5 31.a5 Re4 32.Rxe4 fxe4 33.Bc5 Rxb3 34.a6 Rb2 35.a7 Ra2  1/2-1/2

[Event "Narciso Yepes Mem"]
[Site "Lorca ESP"]
[Date "2007.06.25"]
[Round "2"]
[White "Cabrera,Al"]
[Black "Uribe Arteaga,D"]
[Result "1-0"]
[WhiteElo "2514"]
[BlackElo "2251"]

1.e4 c5 2.Nf3 e6 3.d4 cxd4 4.Nxd4 Nc6 5.Nc3 Qc7 6.Be2 a6 7.O-O Nf6 8.Be3 Bb4
9.Na4 Be7 10.Nxc6 bxc6 11.Nb6 Rb8 12.Nxc8 Qxc8 13.Bd4 c5 14.Be5 Rb6 15.Qd3 O-O
16.b3 Rd8 17.Qg3 d5 18.exd5 exd5 19.Rad1 Bd6 20.Rxd5 Bxe5 21.Rxe5 Re6 22.Rxe6 Qxe6
23.Bc4 Qd7 24.Bxa6 Ra8 25.Bd3 Rxa2 26.Qb8+ Qe8 27.Qc7 Qf8 28.Re1 h6 29.h3 Ra8
30.Bc4 Re8 31.Rxe8 Nxe8 32.Qe5 Nf6 33.Qc7 Ne8 34.Qd8 Nd6 35.Qxf8+ Kxf8 36.Bd3 g5
37.Kf1 Ke7 38.Ke2 Kf6 39.Kf3 h5 40.h4 gxh4 41.Kf4 Ne8 42.c3 Ng7 43.Bc4 Ne8
44.Ke4 Nc7 45.b4 cxb4 46.cxb4 Na8 47.b5 Nb6 48.Bb3 Nc8 49.Kd4 Ke7 50.Kc5 f5
51.b6 Nxb6 52.Kxb6 Kd6 53.f4  1-0

[Event "Narciso Yepes Mem"]
[Site "Lorca ESP"]
[Date "2007.06.25"]
[Round "2"]
[White "Mestre Bellido,H"]
[Black "Plaskett,J"]
[Result "0-1"]
[WhiteElo "2248"]
[BlackElo "2499"]

1.e4 c5 2.Nf3 e6 3.d4 cxd4 4.Nxd4 Nc6 5.Nc3 Qc7 6.g3 d6 7.Ndb5 Qb8 8.Bf4 Ne5
9.Bxe5 dxe5 10.Qd3 Bd7 11.O-O-O Nf6 12.Qc4 Bc6 13.Bh3 Be7 14.Bxe6 O-O 15.Bd5 a6
16.Na3 Qa7 17.Bxc6 bxc6 18.Qe2 Bxa3 19.bxa3 Qc5 20.Nb1 Rab8 21.Rd3 Qb5 22.Kd2 Qb2
23.Nc3 Qxa3 24.Rd1 Ne8 25.Rd7 Nc7 26.Qc4 Ne6 27.Rb1 Rxb1 28.Nxb1 Qf3 29.Qe2 Qh1
30.Na3 Nc5 31.Rc7 Rd8+ 32.Kc3 Qa1+ 33.Kb4 Qd4+ 34.Qc4 a5+ 35.Kxa5 Ra8+ 36.Kb6 Na4+
37.Kxc6 Qb6+ 38.Kd7 Nc5+  0-1